Les cas en polonais (#1) - Statistiques

Statistiques générales
  • Ce quiz a été pris 10 fois
  • Le résultat moyen est 21 sur 38
Statistiques - réponses
Réponse % Correct
NOMINATIF SG masculin (nom) consonnes, z/p/r/n/m/v/u ...
100%
NOMINATIF SG neutre (nom) o/e
100%
NOMINATIF PL neutre (nom) a
88%
NOMINATIF SG féminin (adj) a
88%
GÉNITIF SG masculin ANIMÉ (nom) a
88%
GENITIF SG neutre (nom) a
88%
NOMINATIF SG féminin (nom) a/i/osc
88%
NOMINATIF SG neutre (adj) e
88%
NOMINATIF PL neutre (adj) e
88%
NOMINATIF PL féminin (adj) e
88%
DATIF SG masculin (nom) e/i
88%
NOMINATIF PL masculin INANIMÉ (nom) y/e
88%
NOMINATIF PL féminin (nom) y/e
88%
NOMINATIF SG masculin (adj) y/i
88%
GÉNITIF SG féminin (nom) y/i
88%
NOMINATIF PL masculin (adj) i
75%
NOMINATIF PL masculin ANIMÉ (nom) i / owie
75%
GÉNITIF SG masculin INANIMÉ (nom) u
75%
DATIF SG masculin (nom) u
75%
GÉNITIF PL masculin (nom) ow
38%
GÉNITIF SG masculin (adj) ego
25%
GÉNITIF SG neutre (adj) ego
25%
GÉNITIF SG féminin (adj) ej
25%
DATIF SG féminin (adj) ej
25%
DATIF PL masculin (nom) om
25%
DATIF PL neutre (nom) om
25%
DATIF PL féminin (nom) om
25%
GÉNITIF PL neutre (nom) rien
25%
GÉNITIF PL féminin (nom) rien
25%
GÉNITIF PL masculin (adj) ych
25%
GÉNITIF PL neutre (adj) ych
25%
GÉNITIF PL féminin (adj) ych
25%
DATIF PL masculin (adj) ym
25%
DATIF PL neutre (adj) ym
25%
DATIF PL féminin (adj) ym
25%
DATIF SG masculin (nom) owi
13%
DATIF SG masculin (adj) emu
0%
DATIF SG neutre (adj) emu
0%
Aucun quiz correspondant
Distribution des résultats
% des personnes avec chaque résultat
Percentile par nombre de réponses
Votre historique - résultats
Vous n’avez pas pris ce quiz